[Event "41st IT Bosna 2011"]
[Site "Sarajevo"]
[Date "2011.05.03"]
[Round "1.27"]
[White "Szabo, Krisztian"]
[Black "Yurtseven, Melih"]
[Result "1-0"]
[WhiteElo "2512"]
[BlackElo "2050"]
[PlyCount "89"]
[EventDate "2011.05.03"]

1. e4 c5 2. Nf3 d6 3. d4 cxd4 4. Nxd4 Nf6 5. Nc3 a6 6. f3 e6 7. Be3 b5 8. Qd2
Bb7 9. g4 Nfd7 10. a4 bxa4 11. Rxa4 Be7 12. g5 Nc5 13. Ra2 Qb6 14. Be2 Nc6 15.
h4 Nb4 16. Na4 Qa5 17. Kf2 Nxa4 18. Nb3 Qc7 19. Rxa4 Nc6 20. h5 O-O 21. Qc3 Qd7
22. h6 Ne5 23. hxg7 Rfc8 24. Qd4 Rxc2 25. Na1 Rxe2+ 26. Kxe2 Qb5+ 27. Kf2 Rc8
28. b3 a5 29. Qd2 Nd3+ 30. Kg3 Nb4 31. Bf4 Kxg7 32. Qh2 Bxg5 33. Qxh7+ Kf8 34.
Bxd6+ Ke8 35. Rd1 Qe2 36. Qg8+ Kd7 37. Bxb4+ Qxd1 38. Qxf7+ Kc6 39. Qxe6+ Kb5
40. Qf5+ Bd5 41. Qd7+ Rc6 42. Qb7+ Rb6 43. Rxa5+ Kxb4 44. Qxb6+ Kc3 45. Qc5+
1-0

[Event "41st IT Bosna 2011"]
[Site "Sarajevo"]
[Date "2011.05.03"]
[Round "1.28"]
[White "Grubacic, Mile"]
[Black "Abergel, Thal"]
[Result "0-1"]
[WhiteElo "2048"]
[BlackElo "2506"]
[PlyCount "48"]
[EventDate "2011.05.03"]

1. e4 c5 2. Nf3 d6 3. d4 cxd4 4. Nxd4 Nf6 5. Nc3 Nc6 6. Bc4 e6 7. Bb3 Be7 8.
Be3 a6 9. f4 O-O 10. Qf3 Na5 11. g4 b5 12. g5 Nd7 13. Bxe6 fxe6 14. Nxe6 Ne5
15. Qh3 Nac4 16. Bc1 Bxg5 17. fxg5 Qe7 18. Nd5 Qxe6 19. Qxe6+ Bxe6 20. Nc7 Nf3+
21. Ke2 Nd4+ 22. Kd3 Rac8 23. Nxa6 Rf3+ 24. Kxd4 Ne5 0-1

[Event "41st IT Bosna 2011"]
[Site "Sarajevo"]
[Date "2011.05.03"]
[Round "1.29"]
[White "Stojanovic, Dalibor"]
[Black "Patrucic, Miroslav"]
[Result "1-0"]
[WhiteElo "2503"]
[BlackElo "2039"]
[PlyCount "59"]
[EventDate "2011.05.03"]

1. e4 c5 2. Nf3 Nc6 3. Nc3 Nd4 4. Bc4 e6 5. Nxd4 cxd4 6. Ne2 Bc5 7. O-O Ne7 8.
Bb3 O-O 9. d3 f5 10. exf5 Nxf5 11. Ng3 Nh4 12. Qh5 b6 13. Bg5 Be7 14. Qxh4 Bxg5
15. Qxd4 Bf6 16. Qe4 d5 17. Qb4 a5 18. Qg4 Bxb2 19. Rab1 e5 20. Qa4 Bd4 21. Qc6
Ra7 22. c3 Bc5 23. Qxd5+ Kh8 24. Ne4 Rd7 25. Qxe5 Rxd3 26. Nxc5 bxc5 27. Qxc5
Qf6 28. Qxa5 Rxc3 29. Rbe1 Ba6 30. Re6 1-0

[Event "41st IT Bosna 2011"]
[Site "Sarajevo"]
[Date "2011.05.03"]
[Round "1.30"]
[White "Orehek, Spela"]
[Black "Milanovic, Danilo"]
[Result "0-1"]
[WhiteElo "2017"]
[BlackElo "2494"]
[PlyCount "34"]
[EventDate "2011.05.03"]

1. e4 d5 2. exd5 Qxd5 3. Nc3 Qd6 4. d4 Nf6 5. Nge2 Bf5 6. Bf4 Qd7 7. Qd2 e6 8.
O-O-O Bb4 9. Qe3 O-O 10. h3 Qc6 11. Rg1 Nd5 12. Qd2 Nd7 13. g4 Bg6 14. Bg2 N7b6
15. Kb1 Nc4 16. Qe1 Na3+ 17. bxa3 Bxc3 0-1

[Event "41st IT Bosna 2011"]
[Site "Sarajevo"]
[Date "2011.05.03"]
[Round "1.31"]
[White "Yilmaz, Mustafa"]
[Black "Pestek, Elvis"]
[Result "1-0"]
[WhiteElo "2489"]
[BlackElo "2006"]
[PlyCount "61"]
[EventDate "2011.05.03"]

1. e4 e6 2. d4 d5 3. e5 c5 4. c3 Nc6 5. Nf3 Qb6 6. a3 f6 7. b4 cxd4 8. cxd4
fxe5 9. dxe5 Nge7 10. Bd3 g6 11. b5 Nd8 12. Be3 Qa5+ 13. Nbd2 Nf7 14. O-O Bg7
15. Bd4 O-O 16. Nb3 Qd8 17. Qe2 b6 18. a4 Nh6 19. Bb2 Bd7 20. Ba3 Re8 21. Rfc1
Bf8 22. Nbd4 Nf7 23. h4 Bh6 24. Re1 Nf5 25. h5 gxh5 26. Bxf5 exf5 27. e6 Ng5
28. Nxg5 Qxg5 29. Qf3 Bc8 30. Qxd5 Bg7 31. Nf3 1-0

[Event "41st IT Bosna 2011"]
[Site "Sarajevo"]
[Date "2011.05.03"]
[Round "1.32"]
[White "Tucakovic, Mario"]
[Black "Can, Emre"]
[Result "0-1"]
[WhiteElo "2005"]
[BlackElo "2487"]
[PlyCount "50"]
[EventDate "2011.05.03"]

1. e4 c5 2. Nf3 d6 3. d4 cxd4 4. Nxd4 Nf6 5. Nc3 g6 6. Be2 Bg7 7. Be3 Nc6 8.
Qd2 O-O 9. O-O-O Nxd4 10. Bxd4 Be6 11. g4 Nxg4 12. Bxg4 Bxg4 13. Bxg7 Kxg7 14.
Rdf1 Qa5 15. f3 Bh3 16. Rfg1 Rfc8 17. Rg3 Be6 18. h4 Rc5 19. Kb1 Bxa2+ 20. Kc1
Be6 21. Qd4+ f6 22. Kd2 Rc4 23. Qd3 Qe5 24. Ne2 Qxb2 25. h5 Rac8 0-1

[Event "41st IT Bosna 2011"]
[Site "Sarajevo"]
[Date "2011.05.03"]
[Round "1.33"]
[White "Djukic, Nikola"]
[Black "Koksal, Ege"]
[Result "1-0"]
[WhiteElo "2486"]
[BlackElo "2004"]
[PlyCount "75"]
[EventDate "2011.05.03"]

1. e4 e5 2. Nf3 Nc6 3. Bb5 a6 4. Ba4 Nf6 5. O-O Be7 6. Re1 b5 7. Bb3 d6 8. c3
O-O 9. h3 Na5 10. Bc2 c5 11. d4 Qc7 12. Nbd2 cxd4 13. cxd4 Nc6 14. a3 exd4 15.
Nb3 Bb7 16. Bf4 Rac8 17. Rc1 Qb6 18. Nbxd4 Nxd4 19. Nxd4 d5 20. e5 Ne4 21. Be3
Bc5 22. f3 Ng5 23. b4 Bxd4 24. Bxd4 Qd8 25. Bc5 Re8 26. Bf5 Ne6 27. Bxe6 Rxe6
28. Qd4 Qe8 29. Kf2 Rc7 30. f4 g6 31. g4 f6 32. exf6 Re4 33. Rxe4 dxe4 34. Qe5
Qd7 35. Rd1 Qc8 36. Rd6 Bc6 37. Bb6 Rb7 38. Rd8+ 1-0

[Event "41st IT Bosna 2011"]
[Site "Sarajevo"]
[Date "2011.05.03"]
[Round "1.34"]
[White "Colpa, Husein"]
[Black "Al-Sayed, Mohammed"]
[Result "0-1"]
[WhiteElo "1990"]
[BlackElo "2485"]
[PlyCount "72"]
[EventDate "2011.05.03"]

1. Nf3 d5 2. d4 Nf6 3. Nbd2 c5 4. e3 Nc6 5. b3 cxd4 6. exd4 Bf5 7. Bb2 e6 8. a3
Bd6 9. Bb5 Rc8 10. Rc1 O-O 11. O-O Ne4 12. Bd3 Bf4 13. Re1 Nxd2 14. Nxd2 Bxd3
15. cxd3 Qb6 16. Rc5 Bxd2 17. Qxd2 Qxb3 18. h4 b6 19. Rc3 Qa4 20. Re3 Ne7 21.
g4 Rxc3 22. Bxc3 a5 23. Bb2 Rc8 24. Re2 h5 25. f3 Qb3 26. Kf2 b5 27. Qxa5 hxg4
28. Qd2 gxf3 29. Kxf3 Nf5 30. h5 Qa2 31. Rh2 Qb1 32. Qe2 Qg1 33. Qf2 Qg5 34.
Qe1 Kh7 35. Qe5 Nh4+ 36. Kf2 Rc2+ 0-1

[Event "41st IT Bosna 2011"]
[Site "Sarajevo"]
[Date "2011.05.03"]
[Round "1.35"]
[White "Fauland, Alexander"]
[Black "Dedijer, Mira"]
[Result "1-0"]
[WhiteElo "2478"]
[BlackElo "1968"]
[PlyCount "95"]
[EventDate "2011.05.03"]

1. Nf3 d5 2. b3 Bg4 3. Bb2 e6 4. e3 Nf6 5. h3 Bh5 6. g4 Bg6 7. Ne5 Nbd7 8. Nxg6
hxg6 9. d3 Bd6 10. Nd2 Qe7 11. a3 O-O 12. Bg2 c6 13. g5 Nh7 14. h4 e5 15. Qg4
f5 16. gxf6 Qxf6 17. O-O-O Qf5 18. Bh3 Qxg4 19. Bxg4 Nhf6 20. Be6+ Kh7 21. Nf3
Bc7 22. Rdg1 Nc5 23. Ng5+ Kh6 24. Bf7 Nh5 25. Rg2 Bd6 26. b4 Na4 27. Bxg6 Kxg6
28. Ne4+ Kh6 29. Nxd6 Nxb2 30. Kxb2 b6 31. c4 Rf6 32. c5 Raf8 33. Rhh2 Rb8 34.
Kc3 a5 35. Rg5 axb4+ 36. axb4 bxc5 37. Nf5+ Rxf5 38. Rxf5 cxb4+ 39. Kb3 c5 40.
Rxe5 Nf6 41. f3 Rb6 42. Rc2 Rb5 43. Rg5 Ra5 44. Ra2 Rb5 45. Ra6 Kh7 46. Ra7 Rb6
47. Raxg7+ Kh6 48. Rc7 1-0

[Event "41st IT Bosna 2011"]
[Site "Sarajevo"]
[Date "2011.05.03"]
[Round "1.36"]
[White "Besirevic, Jasmin"]
[Black "Bogut, Zeljko"]
[Result "0-1"]
[WhiteElo "1967"]
[BlackElo "2433"]
[PlyCount "47"]
[EventDate "2011.05.03"]

1. Nf3 Nf6 2. c4 e6 3. d4 c5 4. Nc3 cxd4 5. Nxd4 Bb4 6. Bd2 O-O 7. e3 d5 8.
cxd5 exd5 9. Be2 Nc6 10. Nxc6 bxc6 11. a3 Bd6 12. O-O Bf5 13. Rc1 Qb8 14. b4
Bxh2+ 15. Kh1 Bd6 16. Na4 Qe8 17. Bc3 Ne4 18. Kg1 Qe6 19. Be1 Rfe8 20. Bf3 Rac8
21. g3 Ng5 22. Bc3 Be4 23. Bg2 Bxg2 24. Kxg2 0-1

[Event "41st IT Bosna 2011"]
[Site "Sarajevo"]
[Date "2011.05.03"]
[Round "1.37"]
[White "Nezad, Husein Aziz"]
[Black "Grahovac, Danijel"]
[Result "1-0"]
[WhiteElo "2433"]
[BlackElo "1963"]
[PlyCount "59"]
[EventDate "2011.05.03"]

1. d4 d5 2. c4 dxc4 3. e4 a6 4. Bxc4 e6 5. Nf3 b5 6. Bd3 Bb7 7. O-O Nf6 8. Qe2
Be7 9. Nbd2 Nbd7 10. Nb3 c5 11. dxc5 Nxc5 12. Nxc5 Bxc5 13. Bg5 Qb6 14. Rac1
Ng4 15. h3 Nxf2 16. Rxf2 Bxf2+ 17. Qxf2 Qd6 18. Rd1 Qc7 19. e5 h6 20. Be3 Bd5
21. Rc1 Qb7 22. Bc5 Rd8 23. Bd6 Rc8 24. Rf1 Bxa2 25. Qg3 a5 26. Nd2 Qd5 27.
Rxf7 Rc1+ 28. Kh2 g5 29. Bg6 Kd8 30. Qf2 1-0

[Event "41st IT Bosna 2011"]
[Site "Sarajevo"]
[Date "2011.05.03"]
[Round "1.38"]
[White "Jacimovic, Sara"]
[Black "Nestorovic, Lazar"]
[Result "0-1"]
[WhiteElo "1959"]
[BlackElo "2419"]
[PlyCount "84"]
[EventDate "2011.05.03"]

1. e4 c5 2. Nf3 e6 3. d4 cxd4 4. Nxd4 Nf6 5. Nc3 d6 6. Be2 Be7 7. O-O O-O 8.
Kh1 a6 9. a4 Nc6 10. Be3 Qc7 11. f4 Bd7 12. Qe1 Rac8 13. Nb3 Nb4 14. Bd3 Qb8
15. Qg3 Nxd3 16. cxd3 b5 17. a5 b4 18. Nd1 Bb5 19. Bd4 g6 20. Qf3 e5 21. fxe5
dxe5 22. Bb6 Rc2 23. Rf2 Rfc8 24. h3 Qd6 25. d4 exd4 26. Rxc2 Rxc2 27. Nxd4 Rc8
28. Nxb5 axb5 29. Bg1 Nh5 30. Bh2 Qd2 31. Qe3 Qc2 32. a6 Bc5 33. Qe1 Rd8 34.
Bg1 Nf4 35. Nf2 Ba7 36. Rb1 Rd2 37. Qf1 Bxf2 38. Qxb5 Qxb1 39. Qe8+ Kg7 40.
Qe5+ Kf8 41. Qb8+ Rd8 42. Qxb4+ Kg8 0-1

[Event "41st IT Bosna 2011"]
[Site "Sarajevo"]
[Date "2011.05.03"]
[Round "1.39"]
[White "Slingerland, Fred"]
[Black "Strinic, Halid"]
[Result "1-0"]
[WhiteElo "2415"]
[BlackElo "1903"]
[PlyCount "129"]
[EventDate "2011.05.03"]

1. e4 e5 2. Nf3 Nc6 3. Bb5 a6 4. Bxc6 dxc6 5. O-O Bg4 6. h3 Bxf3 7. Qxf3 Qd7 8.
d3 Ne7 9. Be3 Ng6 10. Nc3 Be7 11. Rad1 Bf6 12. Ne2 Qe6 13. b3 Rd8 14. Ng3 O-O
15. Bc5 Rfe8 16. Qf5 Nf4 17. Qxe6 Nxe6 18. Be3 g6 19. Ne2 Bg5 20. Bxg5 Nxg5 21.
f3 Ne6 22. Kf2 c5 23. Ke3 f5 24. g3 Nd4 25. c3 Ne6 26. h4 Rd7 27. Rd2 Red8 28.
Rfd1 Kg7 29. f4 exf4+ 30. gxf4 b5 31. e5 c6 32. d4 c4 33. bxc4 bxc4 34. Rb1 Nc7
35. Rdb2 Nd5+ 36. Kf3 c5 37. dxc5 Nxc3 38. Nxc3 Rd3+ 39. Ke2 Rxc3 40. Rd2 Rc8
41. Rb7+ Kh6 42. Rdd7 Kh5 43. Rbc7 Rb8 44. c6 Rb1 45. Rd1 Rc2+ 46. Rd2 Rcc1 47.
Rxh7+ Kg4 48. Ke3 c3 49. Rg2+ Kh3 50. Re2 Rb6 51. Rc7 Rb2 52. Rb7 Rxb7 53. cxb7
Rb1 54. Rc2 Rxb7 55. Rxc3 Kxh4 56. Rc1 Kh3 57. Rg1 Rb2 58. Rxg6 Rxa2 59. Rg5
Ra3+ 60. Kd2 a5 61. Rxf5 a4 62. e6 Ra2+ 63. Kc3 Ra3+ 64. Kd4 Ra1 65. e7 1-0

[Event "41st IT Bosna 2011"]
[Site "Sarajevo"]
[Date "2011.05.03"]
[Round "1.40"]
[White "Lakota, Izet"]
[Black "Bejtovic, Jasmin"]
[Result "0-1"]
[WhiteElo "1838"]
[BlackElo "2413"]
[PlyCount "58"]
[EventDate "2011.05.03"]

1. e4 c5 2. Nf3 Nc6 3. b3 e5 4. Bb2 d6 5. h3 Nf6 6. Nc3 g6 7. Bb5 Bg7 8. Bxc6+
bxc6 9. d3 O-O 10. O-O Nh5 11. Ne2 f5 12. Nh2 f4 13. f3 Ng3 14. Nxg3 fxg3 15.
Ng4 Qh4 16. Qd2 h5 17. Ne3 Bh6 18. Rae1 Bf4 19. Bc1 a5 20. a4 Ra7 21. Qe2 Qd8
22. Nc4 g5 23. Be3 g4 24. fxg4 hxg4 25. Bxf4 exf4 26. e5 gxh3 27. Nxd6 hxg2 28.
Qxg2 Rh7 29. Nxc8 Qd4+ 0-1

[Event "41st IT Bosna 2011"]
[Site "Sarajevo"]
[Date "2011.05.03"]
[Round "1.41"]
[White "Kanmazalp, Ogulcan"]
[Black "Hadziselimovic, Bernardina"]
[Result "1-0"]
[WhiteElo "2404"]
[BlackElo "1822"]
[PlyCount "61"]
[EventDate "2011.05.03"]

1. e4 c5 2. Nf3 Nc6 3. c3 d5 4. exd5 Qxd5 5. d4 Bg4 6. Be2 cxd4 7. cxd4 e6 8.
O-O Nf6 9. h3 Bh5 10. Nc3 Qd8 11. Be3 Be7 12. g4 Bg6 13. Ne5 Nxe5 14. dxe5 Nd7
15. f4 f5 16. Bc4 Bc5 17. Bxc5 Nxc5 18. b4 Qb6 19. Qd4 Na4 20. Qxb6 Nxb6 21.
Bxe6 fxg4 22. hxg4 Bd3 23. Rfd1 Bc4 24. Rd6 Ke7 25. Rxb6 Bxe6 26. Rxb7+ Kf8 27.
f5 Bc8 28. Rc7 h5 29. Rd1 Kg8 30. Ne4 hxg4 31. Nf6+ 1-0

[Event "41st IT Bosna 2011"]
[Site "Sarajevo"]
[Date "2011.05.03"]
[Round "1.42"]
[White "Hadzialic, Benjamin"]
[Black "Jakovljevic, Vlado"]
[Result "0-1"]
[WhiteElo "1702"]
[BlackElo "2390"]
[PlyCount "82"]
[EventDate "2011.05.03"]

1. d4 Nf6 2. Nf3 e6 3. c4 b6 4. Nc3 Bb4 5. Bg5 Bxc3+ 6. bxc3 d6 7. e4 h6 8.
Bxf6 Qxf6 9. Bd3 e5 10. O-O O-O 11. h3 Nc6 12. d5 Ne7 13. Nh2 Qg5 14. Nf3 Qh5
15. Nh2 Qxd1 16. Raxd1 Bd7 17. f4 exf4 18. Rxf4 Ng6 19. Rf2 Ne5 20. Nf3 Nxf3+
21. Rxf3 Rae8 22. Kf2 Re5 23. Re1 Rfe8 24. Rfe3 Kf8 25. Kf3 Ke7 26. g4 h5 27.
Kg3 hxg4 28. hxg4 Rh8 29. Rf1 Rg5 30. Be2 Rh6 31. Bd1 Re5 32. Bc2 Rg6 33. Bd1
f5 34. Rh1 fxg4 35. Rh4 Rh6 36. Re1 Reh5 37. Reh1 Rxh4 38. Rxh4 Kf6 39. Bxg4
Rxh4 40. Kxh4 Bxg4 41. Kxg4 Ke5 0-1

[Event "41st IT Bosna 2011"]
[Site "Sarajevo"]
[Date "2011.05.03"]
[Round "1.43"]
[White "Dumpor, Atif"]
[Black "Uyanik, Mehmet"]
[Result "1-0"]
[WhiteElo "2383"]
[BlackElo "1668"]
[PlyCount "87"]
[EventDate "2011.05.03"]

1. c4 Nf6 2. Nc3 e5 3. Nf3 d6 4. g3 Bf5 5. Bg2 c6 6. d4 e4 7. Nh4 Qd7 8. Qb3
Be6 9. d5 Bg4 10. Nxe4 Nxe4 11. Bxe4 Bh3 12. Be3 c5 13. Qc3 f5 14. Bc2 Na6 15.
Qa5 Kf7 16. O-O-O Nb4 17. Bb1 Be7 18. Nf3 h6 19. a3 Na6 20. Rhe1 Bf6 21. Bc2
Nc7 22. Ng1 Bg4 23. f3 Bh5 24. Nh3 Rhe8 25. Bd2 b5 26. Nf4 Bg6 27. Nxg6 Kxg6
28. g4 Kf7 29. Bxf5 Qe7 30. Bc3 Bg5+ 31. e3 bxc4 32. Kb1 Reb8 33. e4 Rb3 34. e5
Rab8 35. exd6 Qxd6 36. Be5 Nb5 37. Bxd6 Nxa3+ 38. Qxa3 Rxa3 39. Bxb8 Rb3 40.
Be5 Bf6 41. Bxf6 Kxf6 42. Kc2 Rxf3 43. d6 Rf2+ 44. Kc3 1-0

[Event "41st IT Bosna 2011"]
[Site "Sarajevo"]
[Date "2011.05.03"]
[Round "1.51"]
[White "Dizdarevic, Emir"]
[Black "Vukmirovic, Dusan"]
[Result "1-0"]
[WhiteElo "2493"]
[BlackElo "2087"]
[PlyCount "59"]
[EventDate "2011.05.03"]

1. Nf3 d5 2. g3 c6 3. Bg2 e6 4. O-O f5 5. d3 Nf6 6. Nbd2 Bd6 7. Re1 f4 8. e4
fxe3 9. Rxe3 O-O 10. b3 c5 11. c4 Nc6 12. Bb2 d4 13. Re1 e5 14. Ng5 Bg4 15. Bf3
Bxf3 16. Qxf3 Qd7 17. Nge4 Nb4 18. Rf1 Rae8 19. a3 Nc6 20. Rae1 Nxe4 21. Qxe4
Re6 22. Bc1 Ref6 23. Qd5+ Kh8 24. Ne4 Rg6 25. Nxc5 Qc8 26. Ne4 Bc7 27. f4 exf4
28. Ng5 h6 29. Ne6 Rff6 30. Nxc7 1-0

[Event "41st IT Bosna 2011"]
[Site "Sarajevo"]
[Date "2011.05.04"]
[Round "2.1"]
[White "Abergel, Thal"]
[Black "Naiditsch, Arkadij"]
[Result "1/2-1/2"]
[WhiteElo "2506"]
[BlackElo "2716"]
[PlyCount "142"]
[EventDate "2011.05.03"]

1. e4 e5 2. Nf3 Nc6 3. Nc3 Bc5 4. Nxe5 Nxe5 5. d4 Bd6 6. dxe5 Bxe5 7. f4 Bxc3+
8. bxc3 Ne7 9. c4 O-O 10. Bb2 d6 11. Qd4 f6 12. O-O-O Qe8 13. Bd3 Be6 14. Rhg1
Qa4 15. a3 Nc6 16. Qc3 Na5 17. c5 Rad8 18. g4 Nc4 19. g5 Nxb2 20. Kxb2 f5 21.
exf5 Bxf5 22. Qc4+ Qxc4 23. Bxc4+ Kh8 24. cxd6 cxd6 25. Rge1 Rd7 26. h4 g6 27.
Rd4 Kg7 28. Red1 Rfd8 29. Bb3 h5 30. c4 b6 31. Re1 Rc7 32. Re3 Kf8 33. Ba4 Re7
34. Rxe7 Kxe7 35. Kc3 Rc8 36. Kb4 Rc5 37. Rd5 Rc7 38. Bd1 Ke6 39. Rd4 Rc5 40.
Bf3 Bb1 41. Rd1 Ba2 42. Rd4 Bb1 43. Rd1 Bf5 44. Bd5+ Kd7 45. a4 Be6 46. Rd4 a6
47. Bb7 Ra5 48. Be4 Bf5 49. Bf3 Bc2 50. Kc3 Bb1 51. Kb2 Bf5 52. Kb3 Be6 53. Be4
Bf7 54. Bd5 Be6 55. Be4 Bf5 56. Bf3 b5 57. axb5 axb5 58. Kb4 Ra4+ 59. Kxb5 Ra3
60. Bc6+ Kc7 61. Be4 Bxe4 62. Rxe4 Rb3+ 63. Ka4 Rh3 64. Re6 Rxh4 65. Rf6 Kd7
66. Kb5 Rg4 67. c5 dxc5 68. Kxc5 h4 69. Kd5 h3 70. Rf7+ Ke8 71. Rh7 Rxf4
1/2-1/2

[Event "41st IT Bosna 2011"]
[Site "Sarajevo"]
[Date "2011.05.04"]
[Round "2.2"]
[White "Jobava, Baadur"]
[Black "Stojanovic, Dalibor"]
[Result "1-0"]
[WhiteElo "2704"]
[BlackElo "2503"]
[PlyCount "51"]
[EventDate "2011.05.03"]

1. c4 c5 2. Nc3 Nc6 3. g3 g6 4. Bg2 Bg7 5. Nf3 Nd4 6. Nxd4 cxd4 7. Nb5 a6 8.
Na3 d6 9. d3 h5 10. Bd2 h4 11. Rc1 hxg3 12. hxg3 Rxh1+ 13. Bxh1 e6 14. Qb3 Qc7
15. Bf4 Bh6 16. Bxh6 Nxh6 17. c5 dxc5 18. Qa4+ Kd8 19. b4 Bd7 20. Qb3 Rc8 21.
Rxc5 Qd6 22. Nc4 Qb8 23. Nb6 Rxc5 24. bxc5 Bc8 25. Nxc8 Kxc8 26. Qa4 1-0

[Event "41st IT Bosna 2011"]
[Site "Sarajevo"]
[Date "2011.05.04"]
[Round "2.3"]
[White "Milanovic, Danilo"]
[Black "Georgiev, Kiril"]
[Result "1-0"]
[WhiteElo "2494"]
[BlackElo "2656"]
[PlyCount "117"]
[EventDate "2011.05.03"]

1. d4 d5 2. c4 c6 3. Nc3 Nf6 4. e3 e6 5. Nf3 Nbd7 6. Qc2 Bd6 7. g4 h6 8. Rg1 e5
9. h4 dxc4 10. g5 hxg5 11. hxg5 Nd5 12. Bxc4 exd4 13. Qe4+ Qe7 14. Qxe7+ Nxe7
15. Nxd4 Ne5 16. Be2 Nf5 17. Nxf5 Bxf5 18. e4 Bd7 19. Be3 Ng6 20. Bd4 Be5 21.
Bxe5 Nxe5 22. Kd2 Ke7 23. Rh1 Rad8 24. Rxh8 Rxh8 25. f4 Ng6 26. Rf1 Rh2 27. Ke3
a5 28. Nd1 a4 29. Rf2 Rh4 30. Nc3 b5 31. a3 Rh8 32. Bf1 Rh1 33. Kd4 f6 34.
gxf6+ gxf6 35. Kc5 Be8 36. Ne2 Kd8 37. Kb6 Ne7 38. Ng3 Nc8+ 39. Kc5 Rh7 40. Nf5
Kc7 41. Rg2 Nb6 42. Rg7+ Nd7+ 43. Kd4 Rh2 44. Bg2 Bf7 45. Rxf7 Rxg2 46. e5
fxe5+ 47. fxe5 Re2 48. Ne3 Kd8 49. e6 Nc5 50. Kxc5 Rxe3 51. Kd6 Rd3+ 52. Kxc6
Rb3 53. Kd6 Rd3+ 54. Ke5 Rd2 55. Rd7+ Rxd7 56. exd7 Kxd7 57. Kd5 b4 58. axb4
Kc7 59. Ke4 1-0

[Event "41st IT Bosna 2011"]
[Site "Sarajevo"]
[Date "2011.05.04"]
[Round "2.4"]
[White "Ivanisevic, Ivan"]
[Black "Dizdarevic, Emir"]
[Result "1/2-1/2"]
[WhiteElo "2648"]
[BlackElo "2493"]
[PlyCount "74"]
[EventDate "2011.05.03"]

1. d4 d5 2. c4 dxc4 3. e4 e5 4. Nf3 exd4 5. Bxc4 Nc6 6. Qb3 Bb4+ 7. Nbd2 Qe7 8.
O-O Na5 9. Qa4+ Bd7 10. Bb5 c6 11. Bd3 c5 12. Qc2 Nc6 13. e5 Bxd2 14. Bxd2 h6
15. h3 Rc8 16. Rac1 Nd8 17. Be4 b6 18. b4 Be6 19. bxc5 bxc5 20. Qd3 Qd7 21. Rc2
Ne7 22. Rfc1 Bd5 23. Rxc5 Rxc5 24. Rxc5 Ne6 25. Ra5 Bxe4 26. Qxe4 O-O 27. Bb4
Rd8 28. Ra6 Nc8 29. Qc6 Nb6 30. Qxd7 Rxd7 31. Kf1 Rc7 32. Ne1 Nd5 33. Bd2 Nc3
34. f3 Rb7 35. Bxc3 dxc3 36. Rc6 Rb5 37. Rxc3 Rxe5 1/2-1/2

[Event "41st IT Bosna 2011"]
[Site "Sarajevo"]
[Date "2011.05.04"]
[Round "2.5"]
[White "Can, Emre"]
[Black "Smeets, Jan"]
[Result "1-0"]
[WhiteElo "2487"]
[BlackElo "2647"]
[PlyCount "127"]
[EventDate "2011.05.03"]

1. e4 e5 2. Nf3 Nf6 3. d4 Nxe4 4. Bd3 d5 5. Nxe5 Nd7 6. Nxd7 Bxd7 7. O-O Qh4 8.
g3 Qh3 9. f3 Nd6 10. Re1+ Be7 11. Bf1 Qf5 12. Re5 Qf6 13. Nc3 c6 14. Bg5 Qxg5
15. Rxg5 Bxg5 16. Qe2+ Kf8 17. Qe5 Be7 18. Na4 b6 19. b3 Be6 20. Re1 Nf5 21. c3
Bd6 22. Qe2 g6 23. Nb2 Kg7 24. Nd3 Rac8 25. Qd2 Rc7 26. Nf4 Bc8 27. Bd3 Re7 28.
Rxe7 Nxe7 29. c4 Rd8 30. Qe3 Rd7 31. Kg2 Kf8 32. h4 Rd8 33. c5 Bc7 34. Ne2 Bf5
35. Ba6 h5 36. Qg5 bxc5 37. Qf6 Bb6 38. dxc5 Bxc5 39. Qh8+ Ng8 40. Nd4 Bd7 41.
Nxc6 Bxc6 42. Qc3 Bb6 43. Qxc6 Ne7 44. Qf6 Nf5 45. Bd3 Rd6 46. Qh8+ Ke7 47.
Bxf5 gxf5 48. Qe5+ Re6 49. Qxd5 Re2+ 50. Kf1 Rf2+ 51. Ke1 Rxa2 52. Qxf5 Ra5 53.
Qe4+ Kf6 54. Kd2 Re5 55. Qf4+ Rf5 56. Qh6+ Ke7 57. Ke2 Rb5 58. Qh7 Bc7 59. Qd3
Re5+ 60. Kf2 Kf6 61. Kg2 Bb6 62. Qd6+ Kf5 63. Qh6 Re3 64. Qxh5+ 1-0

[Event "41st IT Bosna 2011"]
[Site "Sarajevo"]
[Date "2011.05.04"]
[Round "2.6"]
[White "Lupulescu, Constantin"]
[Black "Yilmaz, Mustafa"]
[Result "1/2-1/2"]
[WhiteElo "2638"]
[BlackElo "2489"]
[PlyCount "48"]
[EventDate "2011.05.03"]

1. d4 d5 2. c4 c6 3. Nf3 Nf6 4. e3 Bf5 5. Nc3 e6 6. Nh4 Be4 7. f3 Bg6 8. Qb3
Qc7 9. Bd2 Be7 10. g3 a6 11. Rc1 dxc4 12. Bxc4 Nbd7 13. Nxg6 hxg6 14. a4 Rd8
15. Ne2 Qb8 16. O-O c5 17. Bc3 O-O 18. Bxe6 cxd4 19. Bxd4 Ne5 20. Bh3 g5 21.
Bf5 Nc6 22. Bb6 Rd2 23. Nd4 Qe5 24. Bb1 Nd5 1/2-1/2

[Event "41st IT Bosna 2011"]
[Site "Sarajevo"]
[Date "2011.05.04"]
[Round "2.7"]
[White "Al-Sayed, Mohammed"]
[Black "Lenic, Luka"]
[Result "0-1"]
[WhiteElo "2485"]
[BlackElo "2637"]
[PlyCount "70"]
[EventDate "2011.05.03"]

1. d4 d5 2. c4 c6 3. Nc3 Nf6 4. e3 e6 5. Nf3 Nbd7 6. Bd3 dxc4 7. Bxc4 b5 8. Bd3
a6 9. e4 c5 10. e5 cxd4 11. Nxb5 axb5 12. exf6 Qb6 13. O-O gxf6 14. Qe2 b4 15.
Rd1 Bc5 16. Bf4 Bb7 17. Bg3 Bd5 18. Bc4 Bxc4 19. Qxc4 e5 20. Qd5 Rc8 21. Rac1
Qe6 22. Qe4 O-O 23. Nh4 Rfd8 24. Nf5 Bf8 25. Bh4 Kh8 26. Qg4 Nb6 27. Ra1 d3 28.
b3 e4 29. h3 Rd5 30. Ne3 f5 31. Qg5 Rdc5 32. a4 h6 33. Qf6+ Bg7 34. Qxe6 fxe6
35. Rab1 f4 0-1

[Event "41st IT Bosna 2011"]
[Site "Sarajevo"]
[Date "2011.05.04"]
[Round "2.8"]
[White "Saric, Ivan"]
[Black "Djukic, Nikola"]
[Result "1-0"]
[WhiteElo "2637"]
[BlackElo "2486"]
[PlyCount "105"]
[EventDate "2011.05.03"]

1. e4 c5 2. Nf3 Nc6 3. d4 cxd4 4. Nxd4 Qc7 5. Nc3 e6 6. Be3 a6 7. Qd2 Nf6 8.
O-O-O Bb4 9. f3 Ne5 10. Nb3 b5 11. Qe1 Be7 12. f4 Ng6 13. e5 Ng4 14. Ne4 O-O
15. Bc5 Bb7 16. h3 Nh6 17. Bxe7 Nxe7 18. Bd3 Nd5 19. Qd2 f6 20. exf6 Nxf6 21.
Rhe1 Nf5 22. Nec5 Bd5 23. Bxf5 exf5 24. Re5 Be4 25. Nxe4 fxe4 26. Nc5 Rae8 27.
Nxd7 Nxd7 28. Qd5+ Kh8 29. Qxd7 Qb8 30. Qd6 Qc8 31. Re1 Rd8 32. Qe6 Qxe6 33.
Rxe6 Rxf4 34. R1xe4 Rff8 35. b3 h6 36. Re2 a5 37. Ra6 Ra8 38. Rxa8 Rxa8 39. Kb2
Kg8 40. c4 b4 41. Rf2 Re8 42. Kc2 Re3 43. Kd1 Rd3+ 44. Kc1 Re3 45. h4 Re4 46.
Kd2 Rxh4 47. Kd3 Rh1 48. c5 Rc1 49. Kd4 g5 50. Kd5 g4 51. c6 Rc3 52. Kd6 g3 53.
Re2 1-0

[Event "41st IT Bosna 2011"]
[Site "Sarajevo"]
[Date "2011.05.04"]
[Round "2.9"]
[White "Bogut, Zeljko"]
[Black "Parligras, Mircea-Emilian"]
[Result "1-0"]
[WhiteElo "2433"]
[BlackElo "2626"]
[PlyCount "63"]
[EventDate "2011.05.03"]

1. e4 c5 2. Nf3 d6 3. c3 Nf6 4. Be2 Bg4 5. O-O e6 6. h3 Bh5 7. d4 Nxe4 8. d5
Nd7 9. dxe6 fxe6 10. Qb3 d5 11. Qxb7 Bd6 12. Qa6 O-O 13. Nbd2 Nxd2 14. Nxd2
Bxe2 15. Qxe2 Qf6 16. Re1 Ne5 17. Nf1 Rae8 18. Be3 Qg6 19. Kh1 Nd3 20. Red1 c4
21. b3 Rf7 22. bxc4 dxc4 23. Nd2 Ref8 24. f3 Qg3 25. Bg1 Bc7 26. Rab1 Rf4 27.
Qxe6+ Kh8 28. Rf1 Rh4 29. Ne4 Qf4 30. g3 Rh6 31. Qd7 Qe5 32. Bd4 1-0

[Event "41st IT Bosna 2011"]
[Site "Sarajevo"]
[Date "2011.05.04"]
[Round "2.10"]
[White "Predojevic, Borki"]
[Black "Fauland, Alexander"]
[Result "1-0"]
[WhiteElo "2617"]
[BlackElo "2478"]
[PlyCount "49"]
[EventDate "2011.05.03"]

1. e4 c6 2. d4 d5 3. e5 Bf5 4. h4 h5 5. c4 e6 6. Nc3 Nd7 7. cxd5 exd5 8. Bd3
Ne7 9. Nge2 Bxd3 10. Qxd3 Ng6 11. Bg5 Be7 12. f4 Ndf8 13. f5 Bxg5 14. hxg5 Ne7
15. O-O-O Rg8 16. f6 Neg6 17. Ng3 Ne6 18. Nxh5 Kd7 19. Qf5 Kc7 20. fxg7 Qxg5+
21. Qxg5 Nxg5 22. Rdf1 Rae8 23. Rf5 Ne6 24. Rxf7+ Re7 25. Rf6 1-0

[Event "41st IT Bosna 2011"]
[Site "Sarajevo"]
[Date "2011.05.04"]
[Round "2.11"]
[White "Nestorovic, Lazar"]
[Black "Erdos, Viktor"]
[Result "1/2-1/2"]
[WhiteElo "2419"]
[BlackElo "2609"]
[PlyCount "46"]
[EventDate "2011.05.03"]

1. e4 e5 2. Nf3 Nc6 3. Bb5 a6 4. Bxc6 dxc6 5. d4 exd4 6. Qxd4 Qxd4 7. Nxd4 Bd7
8. Nc3 O-O-O 9. Be3 Bb4 10. Nde2 f5 11. O-O-O Nf6 12. exf5 Bxf5 13. Rxd8+ Rxd8
14. a3 Bd6 15. f3 Re8 16. Bd2 Bg6 17. Ng3 Rf8 18. Re1 h5 19. Nf1 Kd7 20. Bg5
Nh7 21. Bd2 Nf6 22. Bg5 Nh7 23. Bd2 Nf6 1/2-1/2